[Event "GER-chT U18 Girls"]
[Site "Karlsruhe"]
[Date "2015.05.09"]
[Round "5.4"]
[White "Jubelt, Lea"]
[Black "Issifou, Yusra"]
[Result "0-1"]
[WhiteElo "696"]
[BlackElo "800"]
[PlyCount "120"]
[EventDate "2015.05.07"]
[EventType "team-swiss"]
[EventRounds "7"]
[EventCountry "GER"]
[SourceTitle "EXT 2017"]
[Source "ChessBase"]
[SourceDate "2016.10.25"]
[SourceVersion "1"]
[SourceVersionDate "2016.10.25"]
[SourceQuality "1"]
[WhiteTeam "Meuselwitz (W)"]
[BlackTeam "Bremen Am Barkhof (W)"]
[WhiteTeamCountry "GER"]
[BlackTeamCountry "GER"]

1. e4 e5 2. Nf3 Nc6 3. d4 Nf6 4. dxe5 Nxe4 5. Bd3 Nc5 6. Nc3 d6 7. exd6 Bxd6 8. 0-0 h6 9. Qe1+ Qe7 10. Qxe7+ Bxe7 11. Re1 0-0 12. Bf4 Bd6 13. Bg3 Be6 14. Bh4 Rfe8 15. Rad1 a6 16. b4 Nxb4 17. a3 Nbxd3 18. cxd3 b5 19. d4 Nb3 20. d5 Bg4 21. Re3 Bc5 22. Red3 Bxa3 23. h3 Bf5 24. Re3 Bb4 25. Bg3 Rxe3 26. fxe3 Bxc3 27. Bxc7 Re8 28. g4 Be4 29. Nh4 Bd2 30. d6 Bxe3+ 31. Kf1 Nc5 32. Ke2 Bg5 33. Nf3 Bc2+ 34. Kf2 Bxd1 35. h4 Be3+ 36. Kg3 Re6 37. g5 Bxf3 38. Kxf3 a5 39. gxh6 gxh6 40. Kg4 a4 41. Kf3 b4 42. Ke2 Rf6 43. Kxe3 a3 44. Kd4 Nd7 45. Kd5 Kf8 46. Kc6 Ke8 47. Kb7 a2 48. Kc8 a1Q 49. Kb7 Qe5 50. Kc6 Qc5+ 51. Kb7 Rxd6 52. Bxd6 Qxd6 53. h5 Kd8 54. Ka8 Nb6+ 55. Ka7 Qc6 56. Ka6 Nc4+ 57. Ka7 Qb6+ 58. Ka8 Qa6+ 59. Kb8 Qd6+ 60. Ka8 Kc8 0-1

[Event "GER-chT U18 Girls"]
[Site "Karlsruhe"]
[Date "2015.05.08"]
[Round "3.4"]
[White "Uhn, Jeanine"]
[Black "Issifou, Yusra"]
[Result "0-1"]
[WhiteElo "800"]
[BlackElo "800"]
[PlyCount "120"]
[EventDate "2015.05.07"]
[EventType "team-swiss"]
[EventRounds "7"]
[EventCountry "GER"]
[SourceTitle "EXT 2017"]
[Source "ChessBase"]
[SourceDate "2016.10.25"]
[SourceVersion "1"]
[SourceVersionDate "2016.10.25"]
[SourceQuality "1"]
[WhiteTeam "Hennigsdorf OS (W)"]
[BlackTeam "Bremen Am Barkhof (W)"]
[WhiteTeamCountry "GER"]
[BlackTeamCountry "GER"]

1. e4 e5 2. Nf3 Nf6 3. Nxe5 Nxe4 4. Bd3 Nd6 5. 0-0 Be7 6. Qf3 Bf6 7. Ng4 Bd4 8. Re1+ Kf8 9. c3 Bc5 10. Ne5 f6 11. Nf7 Kxf7 12. Qd5+ Kf8 13. Qxc5 h6 14. Bg6 Nc6 15. Qd5 Qe7 16. Rxe7 Kxe7 17. d4 a6 18. Bf4 Nb5 19. Qe4+ Kd8 20. Qe8+ Rxe8 21. Nd2 Re2 22. Kf1 Re6 23. Nc4 Ke7 24. Ne3 d6 25. d5 Ncd4 26. dxe6 Nxe6 27. Bg3 Ng5 28. Nd5+ Ke6 29. Rd1 c6 30. Re1+ Kxd5 31. Rd1+ Kc5 32. b4+ Kb6 33. Bxd6 Ka7 34. Bc5+ Kb8 35. a4 Nxc3 36. Rd8 Nxa4 37. Bd6+ Ka7 38. Bc2 Nb6 39. Bc7 Ne6 40. Rd6 Nxc7 41. g4 Bxg4 42. b5 axb5 43. Rd3 c5 44. Ra3+ Kb8 45. Rb3 c4 46. Re3 Ncd5 47. Re4 f5 48. Re8+ Ka7 49. Re6 f4 50. Be4 Bxe6 51. h3 Bxh3+ 52. Ke2 Re8 53. f3 Bg2 54. Kf2 Bh3 55. Bxd5 Nxd5 56. Kg1 c3 57. Kh2 Bf5 58. Kg2 c2 59. Kf2 c1Q 60. Kg2 Re2# 0-1